Kontrastívna lingvistická analýza nemecko-slovenskej frazeológie v súčasných nemeckých médiách na príkladoch z denníka Die Presse

Charakteristika rakúskej dennej tlače. Úvod do frazeológie. Kontrastívna analýza alebo tematické polia podľa M. Gehra.

Salvato in:
Dettagli Bibliografici
Autore principale: Pospíšilová, Jana, 1950-
Natura: Capitolo di libro
Lingua:slovacco
Soggetti:
Tags: Aggiungi Tag
Nessun Tag, puoi essere il primo ad aggiungerne!!

MARC

LEADER 00000naa$a2200000$$$4500
001 0237579
005 20240502073834.4
041 0 |a slo 
044 |a SK 
245 1 0 |a Kontrastívna lingvistická analýza nemecko-slovenskej frazeológie v súčasných nemeckých médiách na príkladoch z denníka Die Presse  |c Jana Pospíšilová 
520 |a Charakteristika rakúskej dennej tlače. Úvod do frazeológie. Kontrastívna analýza alebo tematické polia podľa M. Gehra. 
610 2 0 |a jazykoveda 
610 2 0 |a jazyky cudzie 
610 2 0 |a nemčina 
610 2 0 |a tlač 
610 2 0 |a politika 
610 2 0 |a frazeológia 
100 1 |a Pospíšilová, Jana, 1950-